Central Library OPAC University of Rajshahi

শরৎ-কথামালা / (Record no. 40501)

MARC details
000 -LEADER
fixed length control field 00875nam a2200241 a 4500
001 - CONTROL NUMBER
control field 40501
003 - CONTROL NUMBER IDENTIFIER
rucl marc code BD-RjUL
005 - DATE AND TIME OF LATEST TRANSACTION
control field 20211209053229.0
008 - FIXED-LENGTH DATA ELEMENTS--GENERAL INFORMATION
fixed length control field 160503s1976 ii ||| ||| 000 0 ben d
020 ## - INTERNATIONAL STANDARD BOOK NUMBER
Terms of availability :IRs. 10.00
035 ## - SYSTEM CONTROL NUMBER
System control number (BD-RjUL)40616
040 ## - CATALOGING SOURCE
Original cataloging agency BD-RjUL
Language of cataloging ben
Transcribing agency BD-RjUL
041 ## - LANGUAGE CODE
Language code of text/sound track or separate title ben
082 ## - DEWEY DECIMAL CLASSIFICATION NUMBER
Edition number 23
Classification number 891.4409
Author mark and year INS 1976
100 ## - MAIN ENTRY--PERSONAL NAME
Personal name ইন্দ্রমিত্র
9 (RLIN) 121595
245 10 - TITLE STATEMENT
Title শরৎ-কথামালা /
Statement of responsibility, etc. ইন্দ্রমিত্র
260 ## - PUBLICATION, DISTRIBUTION, ETC. (IMPRINT)
Place of publication, distribution, etc. কলিকাতা :
Name of publisher, distributor, etc. আনন্দ পাবলিশার্স,
Date of publication, distribution, etc. ১৯৭৬ (১৩৮৩)
300 ## - PHYSICAL DESCRIPTION
Pagination [৬] ১৭১ পৃ. ;
Size ২৪ সেমি.
505 ## - FORMATTED CONTENTS NOTE
Formatted contents note
650 ## - SUBJECT ADDED ENTRY--TOPICAL TERM
Topical term or geographic name as entry element বাংলা সাহিত্য
General subdivision ইতিহাস ও সমালোচনা
9 (RLIN) 118060
Topical term or geographic name as entry element Bengali Literature
General subdivision History and Criticism
9 (RLIN) 117020
942 ## - ADDED ENTRY ELEMENTS (KOHA)
Source of classification or shelving scheme Dewey Decimal Classification
Koha item type Books
Holdings
Lost status Source of classification or shelving scheme Damaged status Not for loan Collection code Permanent Location Current Location Shelving location Date acquired Source of acquisition Cost, normal purchase price Total Checkouts Full call number Date last seen Copy number Koha item type
  Dewey Decimal Classification     Non-fiction Central Library, University of Rajshahi Central Library, University of Rajshahi   25/11/1978 India, International, 10.00   B 891.4409 INS 1976 03/05/2016 C-2 Books